| 000 | 00863nam a2200205Ii 4500 | ||
|---|---|---|---|
| 003 | JO-AjNU | ||
| 008 | 230605s9999||||xx |||||||||||||| ||und|| | ||
| 040 |
_aJO-AjNU _bara _erda _cJO-AjNU |
||
| 041 | _aara | ||
| 050 | 1 | 4 | _aBP130.4.T2 1999 |
| 100 | 3 |
_aبقلم طباره، عفيف عبد الفتاح, _eauthor _919110 |
|
| 245 | 0 | 0 | _aروح القرآن تفسير الجزء الرابع عشر وقسم من الجزء الخامس عشر : سورة الحجر، سورة النحل، سورة الإسراء |
| 250 | _aط2 | ||
| 264 | 3 | 1 | _aبيروت: دار العلم للملايين،1999 |
| 300 | _a192ص | ||
| 336 |
_atext _btxt _2rdacontent |
||
| 337 |
_aunmediated _bn _2rdamedia |
||
| 338 |
_avolume _bnc _2rdacarrier |
||
| 650 | 4 |
_aسورة الحجر- سورة النحل - سورة للاسراء - تفسير - القران الكريم _919111 |
|
| 999 |
_aA6238 _c9806 _d9806 |
||